000 02255nam a2200373 i 4500
001 000042439
003 DO-SdBNP
005 20260520141900.0
007 ta
008 131202s2003 dr a o 000 0 spa d
020 _a9993467162
040 _aDO-SdBNP
_bspa
_cBNPHU
_erda
041 _aspa
082 4 _a332.4044
_bE82p
_222
100 _aEstrella Gómez, Miguel,
_eautor
_4aut.
_962039
245 1 3 _aEl papel moneda dominicano /
_cMiguel Estrella Gómez, Isaac Rudman.
264 1 _aSanto Domingo, República Dominicana :
_bBanco Popular,
_c2003.
300 _avolúmenes :
_bilustraciones, fotografías ;
_c32 cm.
336 _atexto
_btxt
_2rdacontent
337 _asin mediación
_bn
_2rda media
338 _avolumen
_bnc
_2rdacarrier
500 _aIncluye referencias bibliográficas y notas al pie de las páginas
504 _aBibliografía: páginas 309-310
505 0 _av.1--
_tPresentación--
_tPrólogo--
_tIntroducción--
_gPrimera parte--
_tPeríodo Colonial 1782-1844--
_gSegunda Parte--
_tRepública Dominicana 1844-1861--
_gTercera parte--
_tAnexión a España 1861-1865--
_gCuarta parte--
_tRepública Dominicana 1865-1881--
_gQuinta parte--
_tRepública Dominicana 1882-1899--
_gSexta parte--
_tBilletes municipales 1888-1899--
_gSeptima parte--
_tBilletes privados 1883-1899--
_gOctava parte--
_tPruebas de diseños y billetes no emitidos 1848-1912--
_tFuentes documentadas y bibliografía.
505 0 _av.2--
_tPresentación--
_tPrólogo--
_tIntroducción--
_tAntecedentes 1900-1947--
_tBanco Central de la República dominicana 1947-2004--
_tPrimera emisión 1947-1961--
_tSegunda emisión 1962-1963--
_tTercera emisión 1964-1975--
_tCuarta emisión 1976-1998--
_tQuinta emisión 1999-2004--
_tPruebas de billetes del Banco Central de la República Dominicana 1947-2004--
_tDiseños de billetes no aprobados 1947-2004--
_tFuentes documentadas y bibliografía.
590 _aInventariado, 2018/MFF
650 4 _aPapel moneda
_xHistoria
_zRepública Dominicana
_y1947-2004
_969587
650 4 _aBilletes de banco
_zRepública Dominicana
_y1947-2004
_969588
650 4 _aCuestión
_969589
700 1 _aRudman, Isaac,
_eautor
_4aut.
_955839
710 2 _aBanco Popular Dominicano
_96892
910 _aValidado. Control de calidad MFF
942 _2ddc
_cLBS1
999 _c41928
_d41928